ARRUPE JESUIT UNIVERSITY

CORONAVIRUS -STOP THE SPREAD - CLEAN,DISINFECT,COVER

Joseph, Mary, Jesus / (Record no. 119815)

MARC details
000 -LEADER
fixed length control field 01090cam a2200313 a 4500
001 - CONTROL NUMBER
control field 3506425
003 - CONTROL NUMBER IDENTIFIER
control field ARRUPE
005 - DATE AND TIME OF LATEST TRANSACTION
control field 20140131113142.0
008 - FIXED-LENGTH DATA ELEMENTS--GENERAL INFORMATION
fixed length control field 950628s1996 mnu b 000 0beng
010 ## - LIBRARY OF CONGRESS CONTROL NUMBER
LC control number 95031716
020 ## - INTERNATIONAL STANDARD BOOK NUMBER
International Standard Book Number 0814622550
040 ## - CATALOGING SOURCE
Original cataloging agency DLC
Transcribing agency DLC
Modifying agency DLC
041 1# - LANGUAGE CODE
Language code of text/sound track or separate title eng
Language code of original and/or intermediate translations of text fre
050 00 - LIBRARY OF CONGRESS CALL NUMBER
Classification number BT320
Item number .D4513 1996
082 00 - DEWEY DECIMAL CLASSIFICATION NUMBER
Classification number 232.92
Edition number 20
300 ## - PHYSICAL DESCRIPTION
Dimensions 23 cm.
100 1# - MAIN ENTRY--PERSONAL NAME
Personal name Deiss, Lucien.
9 (RLIN) 7478
240 10 - UNIFORM TITLE
Uniform title <a href="Joseph, Marie, Jésus.">Joseph, Marie, Jésus.</a>
Language of a work English
245 10 - TITLE STATEMENT
Title Joseph, Mary, Jesus /
Statement of responsibility, etc Lucien Deiss ; translated by Madeleine Beaumont.
260 ## - PUBLICATION, DISTRIBUTION, ETC. (IMPRINT)
Place of publication, distribution, etc Collegeville, Minn. :
Name of publisher, distributor, etc Liturgical Press,
Date of publication, distribution, etc c1996.
300 ## - PHYSICAL DESCRIPTION
Extent viii, 157 p. ;
500 ## - GENERAL NOTE
General note Translated from an original French manuscript.
504 ## - BIBLIOGRAPHY, ETC. NOTE
Bibliography, etc Includes bibliographical references (p. 153-157).
600 00 - SUBJECT ADDED ENTRY--PERSONAL NAME
Personal name Jesus Christ
General subdivision Childhood.
9 (RLIN) 7479
600 00 - SUBJECT ADDED ENTRY--PERSONAL NAME
Personal name Jesus Christ
General subdivision Family.
9 (RLIN) 7480
600 00 - SUBJECT ADDED ENTRY--PERSONAL NAME
Personal name Jesus Christ
General subdivision Biography.
9 (RLIN) 7481
906 ## - LOCAL DATA ELEMENT F, LDF (RLIN)
a 7
b cbc
c orignew
d 1
e ocip
f 19
g y-gencatlg
942 ## - ADDED ENTRY ELEMENTS (KOHA)
Source of classification or shelving scheme Library of Congress Classification
Koha item type Monograph ( Printed materials)
Holdings
Withdrawn status Lost status Source of classification or shelving scheme Damaged status Not for loan Collection code Home library Current library Shelving location Date acquired Total Checkouts Full call number Barcode Date last seen Date checked out Price effective from Koha item type
    Library of Congress Classification     Main Collection ARRUPE LIBRARY ARRUPE LIBRARY Main Collection 31/01/2014 1 BT320 .D4513 1996 464123759 27/04/2017 07/03/2017 31/01/2014 Monograph ( Printed materials)

 

Arrupe Library. PO Box MP320 Mt Pleasant, Harare, Zimbabwe
263 242 745411|librarian@aju.ac.zw